000 00293nam a22001337a 4500
008 170227b xxu||||| |||| 00| 0 eng d
020 _a9780683055955
041 _aeng
080 _a577
100 _a5
101 _aSHMB
245 _aBASIC MEDICAL BIOCHEMISTRY
_cMARKS.D.B
942 _2udc
_cBK
999 _c6350
_d6350